Born in Canterbury - Statistics

General Stats
  • This quiz has been taken 9 times
  • The average score is 4 of 6
Answer Stats
Hint Answer % Correct
One of the most famous Elizabethan playwrights, "Hero and Leander" "The Tragical History of Doctor Faustus" 1564 Christopher Marlowe
88%
Actor, "Lord of the Rings" "Pirates of the Caribbean" "Troy" 1977 Orlando Bloom
88%
Creator of the comic strip "Rupert Bear" 1874 Mary Tourtel
63%
Actor, known for his role as Shmuel in "The Boy in the Striped Pyjamas" 1998 Jack Scanlon
50%
Singer, "Good Without" "Before I Go" 2000 Mimi Webb
50%
Dyer and astronomer who was the first to experiment with electrical conduction 1666 Stephen Gray
38%
No matching quizzes found
Score Distribution
Percent of People with Each Score
Percentile by Number Answered
Your Score History
You have not taken this quiz